Μάρκετινγκ Μάνατζμεντ / Δωδέκατη Αμερικανική Έκδοση (Record no. 847)
[ view plain ]
| 000 -LEADER | |
|---|---|
| fixed length control field | 01622cam a22002294a 4500 |
| 005 - ΗΜΕΡΟΜΗΝΙΑ ΚΑΙ ΩΡΑ ΤΕΛΕΥΤΑΙΑΣ ΕΝΗΜΕΡΩΣΗΣ | |
| Πεδίο ελέγχου | 20250605163947.0 |
| 008 - FIXED-LENGTH DATA ELEMENTS--GENERAL INFORMATION | |
| Πεδίο ελέγχου σταθερού μήκους | 250528s ||||||||||||||||||||||||d |
| 035 ## - SYSTEM CONTROL NUMBER | |
| System control number | 15254 |
| 020 ## - ISBN | |
| ISBN | 9602099259 |
| 040 ## - ΠΗΓΗ ΚΑΤΑΛΟΓΟΓΡΑΦΗΣΗΣ | |
| Φορέας πρωτότυπης καταλογογράφησης | MC Athens Campus Library |
| Γλώσσα καταλογογράφησης | Ελληνικά, Μοντέρνα (1453-) |
| Modifying agency | MC Athens Campus Library |
| Κανόνες περιγραφικής καταλογογράφησης | AACR2 |
| 245 1# - ΤΙΤΛΟΣ ΚΑΙ ΔΗΛΩΣΗ ΥΠΕΥΘΥΝΟΤΗΤΑΣ | |
| Τίτλος | Μάρκετινγκ Μάνατζμεντ / Δωδέκατη Αμερικανική Έκδοση |
| 250 ## - EDITION STATEMENT | |
| Edition statement | 12η |
| 260 ## - PUBLICATION, DISTRIBUTION, ETC. | |
| Name of publisher, distributor, etc. | Κλειδάριθμος, |
| Date of publication, distribution, etc. | 2006 |
| 300 ## - PHYSICAL DESCRIPTION | |
| Extent | 898 |
| 505 0# - FORMATTED CONTENTS NOTE | |
| Formatted contents note | Πρόλογος, Κατανόηση της Διοίκησης Μάρκετινγκ, Απόκτηση Διορατικότητας στο Μάρκετινγκ, Διασύνδεση με τους Πελάτες, Χτίσιμο Ισχυρών Επωνυμιών, Διαμόρφωση της Προσφοράς στην Αγορά, Παροχή Αξίας, Επικοινωνία της Αξίας, Πετυχημένη Μακροπρόθεσμη Ανάπτυξη, Γλωσσάρι, Ευρετήριο Όρων. |
| 520 ## - SUMMARY, ETC. | |
| Summary, etc. | Πρόλογος, Κατανόηση της Διοίκησης Μάρκετινγκ, Απόκτηση Διορατικότητας στο Μάρκετινγκ, Διασύνδεση με τους Πελάτες, Χτίσιμο Ισχυρών Επωνυμιών, Διαμόρφωση της Προσφοράς στην Αγορά, Παροχή Αξίας, Επικοινωνία της Αξίας, Πετυχημένη Μακροπρόθεσμη Ανάπτυξη, Γλωσσάρι, Ευρετήριο Όρων. |
| 700 1# - ΠΡΟΣΘΕΤΗ ΑΝΑΓΡΑΦΗ--ΦΥΣΙΚΟ ΠΡΟΣΩΠΟ | |
| Personal name | Keller Kevin Lane |
| 9 (RLIN) | 1145 |
| 700 1# - ΠΡΟΣΘΕΤΗ ΑΝΑΓΡΑΦΗ--ΦΥΣΙΚΟ ΠΡΟΣΩΠΟ | |
| Personal name | Kotler Philip |
| 9 (RLIN) | 1146 |
| 942 ## - ADDED ENTRY ELEMENTS (KOHA) | |
| Koha item type | Books |
| Τύπος τεκμηρίου | Βιβλιοθήκη | Τρέχουσα τοποθεσία | Barcode | Αριθμός εισαγωγής | Ημερομηνία απόκτησης | Ταξιθετικό σύμβολο | Αριθμός αντιτύπου | Κατάσταση απόσυρσης | Κατάσταση χαμένου | Κατάσταση κατεστραμμένου | Μη δανεισμός | Σύνολο δανεισμών | Ημερομηνία τελευταίας εμφάνισης | Η τιμή ισχύει από |
|---|---|---|---|---|---|---|---|---|---|---|---|---|---|---|
| Books | MC Athens Campus Library | MC Athens Campus Library | 9780000008466 | 1496 | 05/06/2025 | 658.8 KOT | 1 | 05/06/2025 | 05/06/2025 |